| 000 | 00418nam a2200169Ia 4500 | ||
|---|---|---|---|
| 001 | 15901 | ||
| 003 | IN-NITTTR | ||
| 005 | 20251114233150.0 | ||
| 008 | 251113s9999||||xx |||||||||||||| ||eng|| | ||
| 040 | _beng | ||
| 040 | _cIN-NITTTR | ||
| 041 | _aeng | ||
| 082 | _a005.1 B397D | ||
| 100 | _aBeil, Donald H. | ||
| 245 | 4 |
_aThe DIF File for users' of VisiCalc and other software / _cBeil, Donald H. |
|
| 942 |
_2ddc _cBK |
||
| 999 |
_c18535 _d18535 |
||